| 000 | 00824nam a22002177a 4500 | ||
|---|---|---|---|
| 003 | BD-DhUL | ||
| 005 | 20160919152234.0 | ||
| 008 | 160201s2000 bg ||||| |||| 00| 0 ben | ||
| 020 | _a9844016045 | ||
| 040 |
_aBD-DhUL _cBD-DhUL |
||
| 082 |
_a954.92 _bSAI |
||
| 100 | 1 | _aসরকার, মোনায়েম | |
| 245 | 1 | 0 |
_aইতিহাসের আলোকে বাঙ্গালী জাতীয়তার বিকাশ ও বঙ্গবন্ধু / _cমোনায়েম সরকার |
| 250 | _a২য় সংস্ক. | ||
| 260 |
_aঢাকা : _bআগামী, _c২০০০. |
||
| 300 |
_a১০৪ পৃ.; _c২১ সেমি. |
||
| 365 |
_aBDT _b100.00 |
||
| 650 | _aবাংলাদেশ -ইতিহাস | ||
| 651 | 0 |
_aBangladesh _xHistory |
|
| 942 |
_2ddc _cBK |
||
| 999 |
_c105012 _d105012 |
||